| Tag |
First Indicator |
Second Indicator |
Subfields |
| LEADER |
00000cam a2200000Ia 4500 |
| 001 |
in00001576840 |
| 005 |
20151022105319.0 |
| 008 |
001219t19951989hiua 000 0 eng d |
| 020 |
|
|
|a 0915013126
|
| 035 |
|
|
|a (OCoLC)ocm45597741
|
| 040 |
|
|
|a TXA
|c TXA
|d UtOrBLW
|
| 043 |
|
|
|a n-us-hi
|
| 049 |
|
|
|a TXAM
|
| 090 |
|
|
|a DU623
|b .B865 1995
|
| 100 |
1 |
|
|a Brown, DeSoto,
|d 1954-
|
| 245 |
1 |
0 |
|a Hawaii goes to war :
|b life in Hawaii from Pearl Harbor to peace /
|c by DeSoto Brown ; design by Anne Ellett.
|
| 250 |
|
|
|a 2nd ed.
|
| 264 |
|
1 |
|a Honolulu, Hawaii :
|b Editions Limited,
|c 1995
|
| 264 |
|
4 |
|c ©1989
|
| 300 |
|
|
|a 160 pages :
|b illustrations ;
|c 28 cm.
|
| 336 |
|
|
|a text
|b txt
|2 rdacontent
|
| 337 |
|
|
|a unmediated
|b n
|2 rdamedia
|
| 338 |
|
|
|a volume
|b nc
|2 rdacarrier
|
| 651 |
|
0 |
|a Hawaii
|x Social life and customs
|y 1941-1945.
|
| 650 |
|
0 |
|a Pearl Harbor (Hawaii), Attack on, 1941.
|
| 700 |
1 |
|
|a Ellett, Anne.
|
| 994 |
|
|
|a E0
|b TXA
|
| 948 |
|
|
|a cataloged
|b h
|c 2000/12/19
|d o
|e mzajicek
|f 4:16:47 pm
|
| 999 |
|
|
|a MARS
|
| 999 |
f |
f |
|s 6055639e-18e0-3683-99a8-8c88333eb1cb
|i 1ede2d83-5055-3c99-bc72-109e8651878f
|t 0
|
| 952 |
f |
f |
|p noncirc
|a Texas A&M University
|b College Station
|c Cushing Memorial Library & Archives
|d Cushing: Ragan Military (Does not check out)
|t 0
|e DU623 .B865 1995
|h Library of Congress classification
|i unmediated -- volume
|
| 998 |
f |
f |
|a DU623 .B865 1995
|t 0
|l Cushing: Ragan Military (Does not check out)
|